| 000 | 00744nam a2200241 i 4500 | ||
|---|---|---|---|
| 001 | 115277 | ||
| 003 | ES-MaACL | ||
| 005 | 20250707062627.0 | ||
| 007 | t| | ||
| 008 | 070228s1910 sp ||||1| spa d | ||
| 080 | _a821.134.2-32"18" | ||
| 100 | 1 |
_aVivero, Gustavo. _9115565 |
|
| 245 | 1 | 0 |
_aAmelia / _cpor Gustavo Vivero ; ilustraciones de García Guijo. |
| 260 |
_aMadrid : _bEl Cuento Semanal, _c1910. |
||
| 300 |
_a20 p. : _bil. col. y n. ; _c26 cm. |
||
| 490 | 1 |
_aEl cuento semanal ; _v178 |
|
| 500 | _aTodas las páginas deterioradas. | ||
| 700 | 0 |
_aGarcía-Guijo _c, ilustrador. _954737 |
|
| 830 | 0 | 3 |
_aEl cuento semanal _v178 _9185957 |
| 852 |
_aES-MaACL _jG-4445(21) |
||
| 852 |
_aES-MaACL _j2330-F-7 |
||
| 999 |
_c115277 _d115277 |
||